000
00208 a2200097 4500
001
47179
100
_a
Wilmot, C
245
_a
The Struggle for Europe
260
_a
London
_b
Collins
_c
090
_c
30235
_d
30235
942
_a
NUST-CAE
_c
M
_c
22487
999
_c
282252
_d
282252